I Won’t Mind - ZAYN - All Lyrics - Statistics

General Stats
  • This quiz has been taken 10 times
  • The average score is 100 of 165
Answer Stats
Answer % Correct
Don't
100%
I
100%
who
100%
mind
88%
won’t
88%
a
75%
are
75%
is
75%
it
75%
the
75%
we
75%
We
75%
And,
63%
And
63%
around
63%
blind
63%
can
63%
'cause
63%
'Cause
63%
from
63%
got
63%
know
63%
look
63%
love
63%
no
63%
one
63%
one’s
63%
right
63%
see
63%
start,
63%
watchin'
63%
when
63%
Yeah,
63%
you
63%
be
50%
darlin',
50%
doubt
50%
If
50%
I’m
50%
mine
50%
mine,
50%
mine)
50%
never
50%
(Never
50%
now
50%
so
50%
to
50%
without
50%
you’ll
50%
you’ll,
50%
But
38%
can't
38%
could
38%
feel
38%
feelin'
38%
found
38%
messed
38%
proud
38%
said
38%
thing
38%
about
25%
allowed
25%
Even
25%
ever
25%
gotta
25%
not
25%
talk
25%
though
25%
Until
25%
tell
13%
died,
0%
No matching quizzes found
Score Distribution
Percent of People with Each Score
Percentile by Number Answered
Your Score History
You have not taken this quiz